A sociolinguistic study of modal selection among mexican-american college students in Texas

Saved in:
Bibliografiske detaljer
Hovedforfatter: Escamilla, Pedro Manuel (Author)
Format: Bog
Sprog:engelsk
Udgivet: Ann Arbor University Microfilms International 1982
Fag:
Tags: Tilføj Tag
Ingen Tags, Vær først til at tagge denne postø!

MARC

LEADER 00000nam a2200000 a 4500
001 UCH0425
003 CL-VaPUC
008 090312e19820000US |||||||||||||||||eng|d
082 0 4 |a 306.44  |b ESC  |2 21 
100 0 |a Escamilla, Pedro Manuel  |e author  |9 534609 
245 1 2 |a A sociolinguistic study of modal selection among mexican-american college students in Texas 
300 |a 344 p 
942 |c BK 
945 |d 20090312 00:00:00  |a rbrito 
260 |a Ann Arbor  |b University Microfilms International  |c 1982 
650 0 |a Sociolingüística  |9 263716 
583 |a last modification  |c 20130320 01:07:06  |k Rodrigo Vera 
999 |c 332747  |d 332745 
952 |0 0  |1 0  |4 0  |6 306_440000000000000_ESC_1982  |7 0  |8 A  |9 420645  |a FDOPOS  |b FDOPOS  |d 2019-11-22  |i 4516621  |o 306.44 ESC 1982  |p 4516621  |r 2025-01-22  |w 2019-11-22  |y BK  |k MLA